Statistics for 北京二环里的巷、条、胡同 Hutongs in the 2nd ring of Beijing

Click here to take the quiz!

General Stats

  • This quiz has been taken 14 times
    (13 since last reset)
  • The average score is 26 of 688

Answers on the Map

Answers color-coded by a green-red scale on the quiz's map according to % correct below.
 

Answer Stats

北京胡同% Correct
南锣鼓巷
69%
东四十条
62%
东四五条
54%
东四三条
54%
胡同金鱼胡同
46%
东四八条
46%
东四二条
46%
东四九条
46%
胡同灵境胡同
46%
东四六条
46%
东四七条
46%
东四头条
38%
东四四条
38%
北锣鼓巷
31%
陕西巷
31%
胡同韩家胡同
23%
东交民巷
23%
胡同史家胡同
23%
胡同礼士胡同
23%
胡同府学胡同
23%
胡同胭脂胡同
15%
胡同大耳胡同
15%
胡同东不压桥胡同
15%
胡同菊儿胡同
15%
胡同茶儿胡同
15%
胡同力学胡同
15%
条-拼音L廊房二条
15%
胡同草厂胡同
15%
胡同方砖厂胡同
15%
胡同大纱帽胡同
15%
胡同帽儿胡同
15%
西交民巷
15%
胡同碧峰胡同
15%
廊房头条
15%
胡同汾州胡同
15%
东四十一条
15%
胡同东棉花胡同
15%
胡同北火扇胡同
15%
胡同百顺胡同
15%
胡同柏树胡同
15%
东四十二条
15%
东四十三条
15%
东四十四条
15%
胡同宝钞胡同
15%
胡同东官房胡同
8%
胡同东智义胡同
8%
胡同东中胡同
8%
胡同东高房胡同
8%
胡同豆瓣胡同
8%
胡同东总布胡同
8%
胡同东花厅胡同
8%
胡同豆腐池胡同
8%
胡同豆角胡同
8%
胡同-拼音F方家胡同
8%
胡同分司厅胡同
8%
胡同东冠英胡同
8%
胡同东枪厂胡同
8%
胡同东羊管胡同
8%
胡同东铁匠胡同
8%
胡同东门仓胡同
8%
胡同东四五条胡同
8%
胡同粉厂胡同
8%
胡同东松树胡同
8%
胡同东太平胡同
8%
胡同东堂子胡同
8%
胡同东煤厂胡同
8%
胡同东绦胡同
8%
胡同东厅胡同
8%
胡同东绒线胡同
8%
胡同东罗圈胡同
8%
胡同东旺胡同
8%
胡同东利市营胡同
8%
胡同东廊下胡同
8%
胡同东口袋胡同
8%
胡同东旧帘子胡同
8%
胡同东教场胡同
8%
胡同东吉祥胡同
8%
胡同东新帘子胡同
8%
胡同-拼音B八宝胡同
8%
胡同粉子胡同
8%
草厂六条
8%
胡同-拼音P排子胡同
8%
条-拼音C草厂八条
8%
草厂二条
8%
草厂九条
8%
胡同皮库胡同
8%
胡同三井胡同
8%
胡同平安胡同
8%
草厂七条
8%
胡同八步口胡同
8%
草厂三条
8%
草厂十条
8%
草厂四条
8%
草厂头条
8%
宫门口四条
8%
草厂五条
8%
条-拼音G宫门口二条
8%
廊房三条
8%
胡同南火扇胡同
8%
胡同丰盛胡同
8%
胡同羊肉胡同
8%
胡同福宏同乐胡同
8%
胡同福绥境胡同
8%
胡同福祥胡同
8%
胡同富强胡同
8%
胡同甘雨胡同
8%
胡同果子胡同
8%
胡同盒子胡同
8%
胡同教子胡同
8%
胡同石头胡同
8%
大宏巷
8%
胡同雨儿胡同
8%
胡同炭儿胡同
8%
胡同蓑衣胡同
8%
胡同朱家胡同
8%
胡同输入胡同
8%
胡同砖塔胡同
8%
胡同东厂胡同
8%
胡同丰富胡同
8%
胡同东壁营胡同
8%
胡同草厂横胡同
8%
胡同滨海胡同
8%
胡同兵部洼胡同
8%
胡同兵马司胡同
8%
胡同博兴胡同
8%
胡同簸罗仓胡同
8%
胡同布巷子胡同
8%
胡同-拼音C蔡家胡同
8%
胡同蔡家楼胡同
8%
胡同参政胡同
8%
胡同仓南胡同
8%
胡同藏家桥胡同
8%
胡同藏经馆胡同
8%
胡同草岚子胡同
8%
胡同本司胡同
8%
胡同草园胡同
8%
胡同察院胡同
8%
胡同柴棒胡同
8%
胡同厂甸胡同
8%
胡同厂桥胡同
8%
胡同抄手胡同
8%
胡同车辇店胡同
8%
胡同东安福胡同
8%
胡同储库营胡同
8%
胡同船板胡同
8%
胡同春雨胡同
8%
胡同慈慧胡同
8%
胡同醋章胡同
8%
胡同笔杆胡同
8%
胡同北总布胡同
8%
胡同-拼音D大百顺胡同
8%
胡同报房胡同
8%
胡同白米仓胡同
8%
胡同白纸坊胡同
8%
胡同百合园胡同
8%
胡同柏林胡同
8%
胡同颁赏胡同
8%
胡同板厂胡同
8%
胡同板桥胡同
8%
胡同板章胡同
8%
胡同半步桥胡同
8%
胡同宝产胡同
8%
胡同宝盖胡同
8%
胡同宝珠子胡同
8%
胡同北兵马司胡同
8%
胡同北新平胡同
8%
胡同北草厂胡同
8%
胡同北沟沿胡同
8%
胡同北官房胡同
8%
胡同北官厅胡同
8%
胡同北河胡同
8%
胡同北极阁胡同
8%
胡同北口袋胡同
8%
胡同北芦草园胡同
8%
胡同北门仓胡同
8%
胡同北下洼子胡同
8%
胡同北翔凤胡同
8%
胡同北新仓胡同
8%
胡同北新胡同
8%
胡同翠花胡同
8%
胡同承恩胡同
8%
胡同大帽胡同
8%
胡同大麻线胡同
8%
胡同大石虎胡同
8%
胡同大石碑胡同
8%
胡同大茶叶胡同
8%
胡同大取灯胡同
8%
胡同大齐家胡同
8%
胡同大木仓胡同
8%
胡同大半截胡同
8%
胡同大拐棒胡同
8%
胡同大方胡同
8%
胡同大力胡同
8%
胡同大石作胡同
8%
胡同大菊胡同
8%
胡同大乘胡同
8%
胡同大金丝胡同
8%
胡同大黑虎胡同
8%
胡同大鹁鸽胡同
8%
胡同大觉胡同
8%
胡同大酱坊胡同
8%
胡同大江胡同
8%
胡同大草厂胡同
8%
胡同大石桥胡同
8%
胡同大阮府胡同
8%
胡同大甜水井胡同
8%
胡同大院胡同
8%
胡同大方家胡同
8%
胡同定居胡同
8%
胡同顶银胡同
8%
胡同丁章胡同
8%
胡同登莱胡同
8%
胡同灯草胡同
8%
胡同德源胡同
8%
胡同德泉胡同
8%
胡同大外廊营胡同
8%
胡同戴家胡同
8%
胡同大后仓胡同
8%
胡同大玉胡同
8%
胡同大兴隆胡同
8%
胡同大杨家胡同
8%
胡同大席胡同
8%
胡同大羊宜宾胡同
8%
胡同大翔凤胡同
8%
胡同大新开胡同
8%
胡同大兴胡同
8%
胡同大羊毛胡同
8%
胡同大宴乐胡同
8%
胡同铸钟胡同
0%
长巷四条
0%
胡同朱茅胡同
0%
胡同中大安胡同
0%
胡同钟楼湾胡同
0%
胡同钟鼓胡同
0%
胡同中绦胡同
0%
胡同织染局胡同
0%
胡同中老胡同
0%
胡同小羊宜宾胡同
0%
胡同锥把胡同
0%
条-拼音B白广路二条
0%
白桥头条
0%
板桥二条
0%
板桥三条
0%
板桥头条
0%
北极阁二条
0%
北极阁三条
0%
北极阁四条
0%
北新桥二条
0%
北新桥三条
0%
北新桥头条
0%
长巷二条
0%
胡同正觉胡同
0%
胡同张旺胡同
0%
胡同赵锥子胡同
0%
胡同小铜井胡同
0%
胡同羊皮市胡同
0%
胡同羊角灯胡同
0%
胡同羊房胡同
0%
胡同扬威胡同
0%
胡同燕家胡同
0%
胡同演乐胡同
0%
胡同延年胡同
0%
胡同小糖房胡同
0%
胡同-拼音Y鸦儿胡同
0%
胡同雪池胡同
0%
胡同学院胡同
0%
胡同薛家湾胡同
0%
胡同兴华胡同
0%
胡同新鲜胡同
0%
胡同新太平胡同
0%
胡同姚家胡同
0%
胡同新开路胡同
0%
胡同新开胡同
0%
胡同新大仓胡同
0%
胡同辛寺胡同
0%
胡同辛勤胡同
0%
胡同谢家胡同
0%
胡同小外廊营胡同
0%
胡同协作胡同
0%
胡同小翔凤胡同
0%
胡同校尉营胡同
0%
胡同小新开胡同
0%
胡同校尉胡同
0%
胡同小雅宝胡同
0%
胡同孝友胡同
0%
胡同阳照胡同
0%
胡同鹞儿胡同
0%
胡同赵堂子胡同
0%
胡同小牌坊胡同
0%
胡同掌扇胡同
0%
胡同小院胡同
0%
胡同-拼音Z毡子胡同
0%
胡同云梯胡同
0%
胡同云居胡同
0%
胡同月牙胡同
0%
胡同月光胡同
0%
胡同园景胡同
0%
胡同园宏胡同
0%
胡同育幼胡同
0%
胡同育树胡同
0%
胡同育群胡同
0%
胡同育德胡同
0%
胡同玉石胡同
0%
胡同小取灯胡同
0%
胡同耀武胡同
0%
胡同余家胡同
0%
胡同油漆作胡同
0%
胡同油坊胡同
0%
胡同小绒线胡同
0%
胡同永庆胡同
0%
胡同永宁胡同
0%
胡同永康胡同
0%
胡同永恒胡同
0%
胡同小沙土园胡同
0%
胡同小石碑胡同
0%
胡同银闸胡同
0%
胡同银锭桥胡同
0%
胡同小石桥胡同
0%
胡同艺华胡同
0%
长巷三条
0%
巷-拼音E二巷
0%
长巷头条
0%
弘通巷
0%
九道弯中巷
0%
敬业西里南巷
0%
吉安所左巷
0%
吉安所右巷
0%
巷-拼音J吉安所北巷
0%
花园巷
0%
花园东巷
0%
护国寺西巷
0%
护国寺东巷
0%
虎坊东一巷
0%
虎坊东二巷
0%
巷-拼音H河泊厂北巷
0%
柳巷
0%
果子巷
0%
巷-拼音G贯通巷
0%
胡同小菊胡同
0%
多福巷
0%
东太平巷
0%
东厂北巷
0%
灯市口北巷
0%
德泉二巷
0%
得丰东巷
0%
大格巷
0%
大多福巷
0%
巷-拼音D大乘巷
0%
巷-拼音L流水巷
0%
巷-拼音N南剪子巷
0%
巷-拼音C草厂北巷
0%
唐华巷
0%
巷-拼音Z智德北巷
0%
永祥西巷
0%
巷-拼音Y永生巷
0%
学院北巷
0%
小院西巷
0%
西太平巷
0%
巷-拼音X西草市一巷
0%
巷-拼音W万福巷
0%
通河巷
0%
通河北巷
0%
铁路巷
0%
巷-拼音T抬头巷
0%
南柳巷
0%
嵩祝院西巷
0%
嵩祝院北巷
0%
四楼巷
0%
石桥东巷
0%
巷-拼音S沙塘南巷
0%
清秀巷
0%
青风巷
0%
千福巷
0%
骑河楼南巷
0%
巷-拼音Q骑河楼北巷
0%
南运巷
0%
南纬路南巷
0%
椿树巷
0%
北极阁东巷
0%
长巷五条
0%
交道口北三条
0%
龙潭北里五条
0%
龙潭北里四条
0%
龙潭北里三条
0%
龙潭北里七条
0%
龙潭北里六条
0%
龙潭北里二条
0%
龙潭北里八条
0%
六合头条
0%
六合三条
0%
六合二条
0%
交道口北头条
0%
交道口北二条
0%
条-拼音N牛街四条
0%
校场五条
0%
校场头条
0%
校场四条
0%
校场三条
0%
条-拼音J校场二条
0%
条-拼音H横二条
0%
贡院头条
0%
贡院二条
0%
宫门口五条
0%
宫门口头条
0%
宫门口三条
0%
条-拼音D东单三条
0%
龙潭北里一条
0%
条-拼音P炮局二条
0%
板桥南巷
0%
条-拼音Y樱桃二条
0%
巷-拼音B白米北巷
0%
安平巷
0%
爱民一巷
0%
爱民四巷
0%
爱民三巷
0%
巷-拼音A爱民二巷
0%
棕树头条
0%
条-拼音Z棕树二条
0%
育树三条
0%
育树二条
0%
樱桃三条
0%
新街口四条
0%
炮局头条
0%
新街口三条
0%
新街口二条
0%
香炉营头条
0%
西四北五条
0%
西四北头条
0%
西四北四条
0%
西四北三条
0%
西四北七条
0%
西四北六条
0%
西四北二条
0%
条-拼音X西四北八条
0%
条-拼音T台基厂三条
0%
胡同小力胡同
0%
胡同石板胡同
0%
胡同小菊儿胡同
0%
胡同罗儿胡同
0%
胡同南板桥胡同
0%
胡同南八宝胡同
0%
胡同-拼音N纳福胡同
0%
胡同民康胡同
0%
胡同民丰胡同
0%
胡同棉花胡同
0%
胡同米粮库胡同
0%
胡同门楼胡同
0%
胡同门框胡同
0%
胡同煤渣胡同
0%
胡同-拼音M蚂螂胡同
0%
胡同罗家胡同
0%
胡同銮庆胡同
0%
胡同南弓匠营胡同
0%
胡同禄米仓胡同
0%
胡同鲁班胡同
0%
胡同六合胡同
0%
胡同琉璃寺胡同
0%
胡同留题迹胡同
0%
胡同刘海胡同
0%
胡同铃铛胡同
0%
胡同灵光胡同
0%
胡同亮果厂胡同
0%
胡同梁家园西胡同
0%
胡同梁家园胡同
0%
胡同梁家园北胡同
0%
胡同莲花胡同
0%
胡同南半截胡同
0%
胡同南官房胡同
0%
胡同连峰胡同
0%
胡同培英胡同
0%
胡同前车胡同
0%
胡同前炒面胡同
0%
胡同阡儿胡同
0%
胡同千竿胡同
0%
胡同旗杆胡同
0%
胡同栖凤楼胡同
0%
胡同-拼音Q七井胡同
0%
胡同铺陈市胡同
0%
胡同辟才胡同
0%
胡同盆儿胡同
0%
胡同培智胡同
0%
胡同培育胡同
0%
胡同炮局胡同
0%
胡同南吉祥胡同
0%
胡同-拼音O藕芽胡同
0%
胡同南竹杆胡同
0%
胡同南阳胡同
0%
胡同南新平胡同
0%
胡同南湾子胡同
0%
胡同南坛子胡同
0%
胡同南颂年胡同
0%
胡同南水关胡同
0%
胡同南深沟胡同
0%
胡同南钱串胡同
0%
胡同南门仓胡同
0%
胡同南芦草园胡同
0%
胡同南口袋胡同
0%
胡同帘子库胡同
0%
胡同利薄营胡同
0%
胡同前鼓楼苑胡同
0%
胡同国英胡同
0%
胡同后沟胡同
0%
胡同宏庙胡同
0%
胡同红线胡同
0%
胡同红土店胡同
0%
胡同红井胡同
0%
胡同弘善胡同
0%
胡同黑芝麻胡同
0%
胡同河泊厂胡同
0%
胡同好景胡同
0%
胡同航空胡同
0%
胡同-拼音H海运仓胡同
0%
胡同果匣胡同
0%
胡同国兴胡同
0%
胡同后罗圈胡同
0%
胡同国祥胡同
0%
胡同国盛胡同
0%
胡同广渠南水关胡同
0%
胡同广安胡同
0%
胡同光泽胡同
0%
胡同光明胡同
0%
胡同光彩胡同
0%
胡同拐棒胡同
0%
胡同恭俭胡同
0%
胡同高家寨胡同
0%
胡同干面胡同
0%
胡同甘露胡同
0%
胡同-拼音G甘井胡同
0%
胡同后广平胡同
0%
胡同后马厂胡同
0%
胡同郎家胡同
0%
胡同-拼音J贾家胡同
0%
胡同烂缦胡同
0%
胡同-拼音L腊竹胡同
0%
胡同盔甲厂胡同
0%
胡同-拼音K康健胡同
0%
胡同净土胡同
0%
胡同景阳胡同
0%
胡同景尔胡同
0%
胡同井楼胡同
0%
胡同金丝胡同
0%
胡同金奖胡同
0%
胡同金果胡同
0%
胡同轿子胡同
0%
胡同箭厂胡同
0%
胡同火药局胡同
0%
胡同后帽胡同
0%
胡同桦皮厂胡同
0%
胡同华嘉胡同
0%
胡同华丰胡同
0%
胡同花枝胡同
0%
胡同花园胡同
0%
胡同护仓胡同
0%
胡同后赵家楼胡同
0%
胡同后圆恩寺胡同
0%
胡同后英房胡同
0%
胡同后小井胡同
0%
胡同后细瓦胡同
0%
胡同后铁匠胡同
0%
胡同后纱络胡同
0%
胡同前公用胡同
0%
胡同前柺棒胡同
0%
胡同小经厂胡同
0%
胡同西红门胡同
0%
胡同西堂子胡同
0%
胡同西松树胡同
0%
胡同西绒线胡同
0%
胡同西枪厂胡同
0%
胡同西平园胡同
0%
胡同西煤厂胡同
0%
胡同西罗圈胡同
0%
胡同西利市营胡同
0%
胡同西老胡同
0%
胡同西廊下胡同
0%
胡同西口袋胡同
0%
胡同西花厅胡同
0%
胡同西单手帕胡同
0%
胡同西铁匠胡同
0%
胡同-拼音X西壁营胡同
0%
胡同武功卫胡同
0%
胡同五老胡同
0%
胡同五道营胡同
0%
胡同文章胡同
0%
胡同文华胡同
0%
胡同文昌胡同
0%
胡同魏染胡同
0%
胡同魏家胡同
0%
胡同苇坑胡同
0%
胡同王佐胡同
0%
胡同王皮胡同
0%
胡同王府仓胡同
0%
胡同西绦胡同
0%
胡同西厅胡同
0%
胡同头发胡同
0%
胡同香饵胡同
0%
胡同小金丝胡同
0%
胡同小酱坊胡同
0%
胡同小江胡同
0%
胡同小红罗厂胡同
0%
胡同小黑虎胡同
0%
胡同小拐棒胡同
0%
胡同小椿树胡同
0%
胡同小茶叶胡同
0%
胡同小草厂胡同
0%
胡同小半截胡同
0%
胡同小百顺胡同
0%
胡同小八道湾胡同
0%
胡同香乐胡同
0%
胡同香椿胡同
0%
胡同西魏胡同
0%
胡同先晓胡同
0%
胡同细管胡同
0%
胡同戏楼胡同
0%
胡同西总部胡同
0%
胡同西砖胡同
0%
胡同西中胡同
0%
胡同西智义胡同
0%
胡同西镇江胡同
0%
胡同西章胡同
0%
胡同西杨茅胡同
0%
胡同西羊管胡同
0%
胡同西扬威胡同
0%
胡同西兴盛胡同
0%
胡同-拼音W汪芝麻胡同
0%
胡同铜铁厂胡同
0%
胡同前广平胡同
0%
胡同前赵家楼胡同
0%
胡同沙井胡同
0%
胡同三座桥胡同
0%
胡同三眼井胡同
0%
胡同三道栅栏胡同
0%
胡同-拼音S三不老胡同
0%
胡同群力胡同
0%
胡同取灯胡同
0%
胡同邱家胡同
0%
胡同庆丰胡同
0%
胡同青塔胡同
0%
胡同秦老胡同
0%
胡同钱粮胡同
0%
胡同前章胡同
0%
胡同山老胡同
0%
胡同前圆恩寺胡同
0%
胡同前营胡同
0%
胡同前英子胡同
0%
胡同前肖家胡同
0%
胡同前铁匠胡同
0%
胡同前桃园胡同
0%
胡同前孙公园胡同
0%
胡同前青厂胡同
0%
胡同前牛角胡同
0%
胡同前帽胡同
0%
胡同前马厂胡同
0%
胡同前罗圈胡同
0%
胡同前井胡同
0%
胡同纱络胡同
0%
胡同山前局胡同
0%
胡同桐梓胡同
0%
胡同水簸箕胡同
0%
胡同铁影壁胡同
0%
胡同铁营胡同
0%
胡同铁狮子胡同
0%
胡同笤帚胡同
0%
胡同天仙胡同
0%
胡同桃条胡同
0%
胡同棠花胡同
0%
胡同堂子胡同
0%
胡同汤公胡同
0%
胡同-拼音T太平仓胡同
0%
胡同四环胡同
0%
胡同水章胡同
0%
胡同水车胡同
0%
胡同双寺胡同
0%
胡同尚勤胡同
0%
胡同帅府园胡同
0%
胡同刷子市胡同
0%
胡同受水河胡同
0%
胡同寿比胡同
0%
胡同手帕胡同
0%
胡同石雀胡同
0%
胡同石桥胡同
0%
胡同石灯胡同
0%
胡同石碑胡同
0%
胡同湿井胡同
0%
胡同施家胡同
0%
胡同盛芳胡同
0%
胡同什锦花园胡同
0%
中胜巷
0%

Score Distribution

Percentile by Number Answered

Percent of People with Each Score

Your Score History

You have not taken this quiz since the last reset